Les Pokémon avec deux têtes ou + - Statistiques

Statistiques générales
  • Ce quiz a été pris 112 fois
  • Le résultat moyen est 19 sur 35
Statistiques - réponses
Hint Réponse % Correct
634 diamat
86%
84 doduo
86%
635 trioxhydre
86%
85 dodrio
85%
961 triopikeau
83%
103 noadkoko
79%
102 noeunoeuf
79%
51 triopikeur
74%
82 magneton
72%
203 girafarig
66%
110 smogogo
57%
981 farigiraf
56%
115 kangourex
55%
952 scovilain
52%
80 flagadoss
51%
600 clic
47%
601 cliticlic
47%
688 opermine
46%
199 roigada
46%
584 sorbouboul
46%
599 tic
46%
924 compagnol
45%
689 golgopathe
45%
202 qulbutoke
45%
415 apitrini
43%
925 famignol
43%
870 hexadron
41%
993 tetes de fer
40%
680 dimocles
39%
887 lanssorien
39%
886 dispareptil
37%
989 pelage sable
36%
303 mysdibule
34%
420 ceribou
32%
746 froussardine
32%
Aucun quiz correspondant
Distribution des résultats
% des personnes avec chaque résultat
Percentile par nombre de réponses
Votre historique - résultats
Vous n’avez pas pris ce quiz